| 000 | 01181nam a22001817a 4500 | ||
|---|---|---|---|
| 008 | 120201t xxu||||| |||| 00| 0 eng d | ||
| 020 | _a027370480x | ||
| 050 | _aHD31.W33 | ||
| 100 | _aWatson, Tony J. | ||
| 245 |
_aOrganising and managing work: organizational, managerial and strategic behaviour in theory and practice / _cTony J. Watson |
||
| 250 | _a2nd ed. | ||
| 260 |
_aHarlow: _bPearson Longman, _cc2002. |
||
| 300 |
_axxvii, 497 p.: _bill; _c24cm. |
||
| 500 | _aIncludes index. | ||
| 505 | _aContents: Organising and managing work: Study, critique and practice -- Organisations and organising: Bureaucracy, control, processes and negotiated orders -- People and organisations: Identity, culture and narrative -- Organisations and people: Orientations, emotions and mischief -- Managing the organisation: Managerial functions, tasks, processes and competences -- Managing to manage: Power. decision making, ethics and the struggle to cope -- Organisational structure, culture and change -- Managing, motivating, leading and tasking -- Organisations, environments and strategic managing -- Organising and managing human resources. | ||
| 650 | _aManagement | ||
| 942 |
_2lcc _cBK |
||
| 999 |
_c557 _d8057 |
||